Pays avec la population la plus jeune - Statistiques

Statistiques générales
  • Ce quiz a été pris 17 fois
  • Le résultat moyen est 4 sur 7
Statistiques - réponses
Hint Réponse % Correct
15,2 ans Niger
81%
15,8 ans Mali
69%
17 ans Burkina Faso
63%
16 ans Tchad
63%
16,8 ans Ouganda
44%
16,5 ans Angola
38%
17,2 ans Mozambique
25%
Aucun quiz correspondant
Distribution des résultats
% des personnes avec chaque résultat
Percentile par nombre de réponses
Votre historique - résultats
Vous n’avez pas pris ce quiz